000 00608nam a22001937a 4500
003 OSt
005 20251125150527.0
008 251125b |||||||| |||| 00| 0 eng d
020 _a971-513-192-1
040 _aDWC-Main lib
_cOC
082 _aFil. 610.73 P172
100 _aPalmejar, M.
245 _aEssentials in nursing, volume 1
_cPalmejar, Menchie J.
260 _aManila :
_bEducational Publishing House
300 _axi, 145 pages :
_c25 cm.
504 _aIncludes bibliographical references
650 _2Nursing
942 _2ddc
_cBK - FIL
_hFil. 610.73 P172
_kFil.
_n0
999 _c6306
_d6306